书目信息 |
| 题名: |
中原智库
|
|
| 作者: | 李庚香 主编 | |
| 分册: | ||
| 出版信息: | 郑州 河南人民出版社 2023.10 |
|
| 页数: | 468页 | |
| 开本: | 20cm | |
| 丛书名: | ||
| 单 册: | ||
| 中图分类: | F127.61 | |
| 科图分类: | ||
| 主题词: | 经济--中国 | |
| 电子资源: | ||
| ISBN: | 978-7-215-13011-1 | |
| 000 | 00615nam0 2200217 450 | |
| 001 | 2436255848 | |
| 005 | 20240522101404.10 | |
| 010 | @a978-7-215-13011-1@dCNY60.00 | |
| 100 | @a20240522d2023 km y0chiy0120 ea | |
| 101 | 0 | @achi |
| 102 | @aCN@b410000 | |
| 200 | 1 | @a中原智库@AZhong Yuan Zhi Ku@e2003@f李庚香主编@FLi Geng Xiang Zhu Bian |
| 210 | @a郑州@c河南人民出版社@d2023.10 | |
| 215 | @a468页@d20cm | |
| 510 | 1 | @a=ZHONGYUAN ZHIKU |
| 517 | 1 | @a2003 |
| 606 | 0 | @a经济@x中国 |
| 690 | @aF127.61@v4 | |
| 701 | 0 | @a李庚香@ALi Geng Xiang@4主编 |
| 801 | 0 | @aCN@b河南城建学院图书馆@c20240522 |
| 905 | @dF127.61@eL1673 | |
| 中原智库:2003/李庚香主编.-郑州:河南人民出版社,2023.10 |
| 468页;20cm |
| ISBN 978-7-215-13011-1:CNY60.00 |
| ● |
| 相关链接 |
|
|
|
正题名:中原智库
索取号:F127.61/L1673
 
预约/预借
| 序号 | 登录号 | 条形码 | 馆藏地/架位号 | 状态 | 备注 |
| 1 | 1552749 | 215527491 | 社科库409/409社科库 70排4列5层/ [索取号:F127.61/L1673] | 在馆 | |
| 2 | 1552750 | 215527507 | 社科库409/409社科库 70排4列5层/ [索取号:F127.61/L1673] | 在馆 | |
| 3 | 1552751 | 215527516 | 社科库409/409社科库 70排4列5层/ [索取号:F127.61/L1673] | 在馆 | |
| 4 | 1552752 | 215527525 | 社科库409/409社科库 70排4列5层/ [索取号:F127.61/L1673] | 在馆 | |
| 5 | 1552753 | 215527534 | 社科库409/409社科库 70排4列5层/ [索取号:F127.61/L1673] | 在馆 | |
| 6 | 1552754 | 215527543 | 社科库409/409社科库 70排4列5层/ [索取号:F127.61/L1673] | 在馆 | |
| 7 | 1552755 | 215527552 | 城院文库/ [索取号:F127.61/L1673] | 在馆 | |
| 8 | 1552756 | 215527561 | 社科库409/409社科库 70排4列5层/ [索取号:F127.61/L1673] | 在馆 | |
| 9 | 1552757 | 215527570 | 社科库409/409社科库 70排4列5层/ [索取号:F127.61/L1673] | 在馆 | |
| 10 | 1552758 | 215527589 | 社科库409/409社科库 70排4列5层/ [索取号:F127.61/L1673] | 在馆 | |
| 11 | 1552759 | 215527598 | 社科库409/409社科库 70排4列5层/ [索取号:F127.61/L1673] | 在馆 | |
| 12 | 1552760 | 215527605 | 社科库409/409社科库 70排4列5层/ [索取号:F127.61/L1673] | 在馆 |